|
|
|
|
| LEADER |
00000nab#a22000007a#4500 |
| 001 |
arbauad021299 |
| 003 |
AR-BaUAD |
| 005 |
20250711111835.0 |
| 008 |
960823|||||||||###||||||b###|0###a|spa|| |
| 040 |
|
|
|a AR-BaUAD
|c AR-BaUAD
|b spa
|
| 100 |
|
|
|a Diez, Fernando
|
| 245 |
|
|
|a Vivienda colectiva, ciudad y regulación :
|b cuarenta años de desencuentros /
|c Fernando Diez;
|
| 300 |
0 |
|
|b fot., plantas
|
| 500 |
|
|
|a Artículo teórico.
|
| 653 |
|
|
|a CODIGOS
|
| 653 |
|
|
|a CODIGO DE PLANEAMIENTO URBANO
|
| 653 |
|
|
|a HISTORIA
|
| 653 |
|
|
|a BUENOS AIRES, CIUDAD
|
| 653 |
|
|
|a PROPIEDAD HORIZONTAL
|
| 773 |
0 |
|
|t Summa Temática
|g no. 4 [1985], p. 60-65
|
| 942 |
|
|
|c ARTI
|
| 952 |
|
|
|0 0
|1 0
|4 0
|7 0
|9 66218
|a AR-BAuAD
|b AR-BAuAD
|d 2025-07-11
|l 0
|p AAQA021299
|r 2025-07-11 11:18:35
|w 2025-07-11
|y ARTI
|
| 990 |
|
|
|a AQ198
|b TD
|
| 998 |
|
|
|a AAQ
|b BIBUN76
|
| 999 |
|
|
|c 45891
|d 45891
|